000 01270aam a2200397a 44500
008 021217s2002 cat
041 _acat
041 _bspa
080 _a696(038)
110 _aConsorci per a la Normalització Lingüística. Centre de Normalització Lingüística Terrassa-Rubí
_969602
245 _aLèxic per a instal·ladors català-castellà
245 _cConsorci per a la Normalització Lingüística. Centre de Normalització Lingüística Terrassa-Rubí.
260 _aTerrassa
260 _bAssociació professional d'empresaris d'electricitat, fontaneria, gas, sanejament i afins de Terrassa i comarca
260 _c2002
300 _a48 p.
_c21 cm
500 _aLèxic per a instal·ladors castellà-català
520 _aaprox. 1.000
591 _a7880
592 _aObra terminològica
593 _aDN
593 _aGK
593 _aIE
593 _aIVA
594 _a7880
650 _abéns d'equipament
_971140
650 _aindústria del gas
_965771
650 _amàquines elèctriques
_961888
650 _asanejament
_962109
901 _c[<2002>]
902 _a021217
942 _cMO
_n0
999 _c61894
_d61894